| 000 | 00756nam a2200229 a 4500 | ||
|---|---|---|---|
| 008 | |||
| 020 | _a155786327X (cased.) | ||
| 049 | _aMAIN | ||
| 090 | _aHG3881 | ||
| 245 | 0 | 0 |
_aRecent developments in international banking and finance _nVolume VI / _cedited by Sarkis Joseph Khoury. |
| 260 |
_aOxford : _bBlackwell Finance, _c1992. |
||
| 300 |
_axvi, 248 p. : _bill. ; _c24 cm. |
||
| 504 | _aIncludes bibliographical references. | ||
| 650 | 0 |
_aInternational finance _xCongresses. |
|
| 650 | 0 |
_aBanks and banking, International _xCongresses. |
|
| 700 | 1 | 0 | _aKhoury, Sarkis J. |
| 907 |
_a.b10129030 _b29-06-04 _c28-06-04 |
||
| 003 | |||
| 005 | 20230123133747.0 | ||
| 040 | _cNUST | ||
| 942 |
_cBOOKS _kHG3881 |
||
| 999 |
_c154164 _d154164 |
||